| 000 | 00621nam a2200193 a 4500 | ||
|---|---|---|---|
| 005 | 20140310183145.0 | ||
| 008 | 021106s19uu xx 00 eng d | ||
| 020 | _a9711501457 | ||
| 050 |
_aLC 241 _b.Sa194 1997 |
||
| 100 | _aSan Mateo, Rosalinda A. | ||
| 245 |
_aFoundations of education II : _cRosalinda A. San Mateo. _bhistorical, philosophical, and legal foundations of educations / |
||
| 260 |
_aQuezon City, Philippines : _bKatha Publishing Co., Inc., _c1997. |
||
| 300 |
_a111 p. : _c27 cm. |
||
| 521 | _aEDU | ||
| 650 |
_aEducation _xPhilosophy |
||
| 942 |
_cBK _2lcc _kLOC |
||
| 999 |
_c19514 _d19514 |
||